Jobs and economic development in minority communities / (Record no. 6078)
[ view plain ]
| 000 -LEADER | |
|---|---|
| fixed length control field | 00988cam a22002534a 4500 |
| 003 - CONTROL NUMBER IDENTIFIER | |
| control field | OSt |
| 005 - DATE AND TIME OF LATEST TRANSACTION | |
| control field | 20260205150621.0 |
| 008 - FIXED-LENGTH DATA ELEMENTS--GENERAL INFORMATION | |
| fixed length control field | 051102s2006 pauab b 001 0 eng |
| 020 ## - INTERNATIONAL STANDARD BOOK NUMBER | |
| International Standard Book Number | 1592134092 |
| Qualifying information | cloth : alk. paper |
| 020 ## - INTERNATIONAL STANDARD BOOK NUMBER | |
| International Standard Book Number | 1592134106 |
| Qualifying information | pbk. : alk. paper |
| 020 ## - INTERNATIONAL STANDARD BOOK NUMBER | |
| International Standard Book Number | 9781592134106 |
| Terms of availability | (pbk. : alk. paper) |
| 040 ## - CATALOGING SOURCE | |
| Original cataloging agency | KABLIB |
| Transcribing agency | KABLIB |
| Language of cataloging | eng |
| Description conventions | rda |
| 082 00 - DEWEY DECIMAL CLASSIFICATION NUMBER | |
| Classification number | 331.609 |
| Edition number | 23 |
| Item number | JOB |
| 245 00 - TITLE STATEMENT | |
| Title | Jobs and economic development in minority communities / |
| Statement of responsibility, etc. | edited by Paul Ong and Anastasia Loukaitou-Sideris. |
| 260 ## - PUBLICATION, DISTRIBUTION, ETC. | |
| Place of publication, distribution, etc. | Philadelphia, PA : |
| Name of publisher, distributor, etc. | Temple University Press, |
| Date of publication, distribution, etc. | 2006. |
| 300 ## - PHYSICAL DESCRIPTION | |
| Extent | vi, 314 p. : |
| Other physical details | ill. , ; |
| Dimensions | 23 cm. |
| 504 ## - BIBLIOGRAPHY, ETC. NOTE | |
| Bibliography, etc. note | Includes bibliographical references and index. |
| 650 #0 - SUBJECT ADDED ENTRY--TOPICAL TERM | |
| Topical term or geographic name entry element | Community development, Urban |
| Geographic subdivision | United States. |
| 9 (RLIN) | 15407 |
| 650 #0 - SUBJECT ADDED ENTRY--TOPICAL TERM | |
| Topical term or geographic name entry element | Minorities |
| Geographic subdivision | United States |
| General subdivision | Economic conditions. |
| 9 (RLIN) | 15425 |
| 650 #0 - SUBJECT ADDED ENTRY--TOPICAL TERM | |
| Topical term or geographic name entry element | Minorities |
| General subdivision | Employment |
| Geographic subdivision | United States. |
| 9 (RLIN) | 15426 |
| 700 1# - ADDED ENTRY--PERSONAL NAME | |
| Personal name | Ong, Paul M. |
| 9 (RLIN) | 15427 |
| 700 1# - ADDED ENTRY--PERSONAL NAME | |
| Personal name | Loukaitou-Sideris, Anastasia, |
| 9 (RLIN) | 15428 |
| 942 ## - ADDED ENTRY ELEMENTS (KOHA) | |
| Source of classification or shelving scheme | Dewey Decimal Classification |
| Koha item type | Book |
| Withdrawn status | Lost status | Source of classification or shelving scheme | Damaged status | Not for loan | Home library | Current library | Shelving location | Date acquired | Source of acquisition | Total Checkouts | Full call number | Barcode | Date last seen | Price effective from | Koha item type |
|---|---|---|---|---|---|---|---|---|---|---|---|---|---|---|---|
| Dewey Decimal Classification | Mukombe Library | Mukombe Library | Reserve Section | 05.02.2026 | Donation | 331.609 JOB | 14562 | 05.02.2026 | 05.02.2026 | Book |